|
|
|
|
| LEADER |
01763nam a2200445 a 4500 |
| 001 |
nkc20132436032 |
| 003 |
CZ PrNK |
| 005 |
20130308101258.0 |
| 007 |
ta |
| 008 |
130111s2012 xr a e p 000 0 cze |
| 015 |
|
|
|a cnb002436032
|
| 020 |
|
|
|a 978-80-87665-00-8
|q (brož.)
|
| 035 |
|
|
|a (OCoLC)829662177
|
| 040 |
|
|
|a BOA001
|b cze
|d ABA001
|
| 072 |
|
7 |
|a 69
|x Stavebnictví
|2 Konspekt
|9 19
|
| 072 |
|
7 |
|a 37.016
|x Učební osnovy. Vyučovací předměty. Učebnice
|2 Konspekt
|9 22
|
| 080 |
|
|
|a 69:502.131.1
|2 MRF
|
| 080 |
|
|
|a 69.01/.03:502
|2 MRF
|
| 080 |
|
|
|a (07)
|2 MRF
|
| 100 |
1 |
|
|a Borák, Dalibor,
|d 1959-
|7 mzk2013742652
|4 aut
|
| 245 |
1 |
0 |
|a A1 - Filozofie navrhování budov dle principů trvale udržitelné výstavby /
|c [autorský kolektiv Dalibor Borák (vedoucí autorského kolektivu), Helena Boráková]
|
| 246 |
3 |
0 |
|a Filozofie navrhování budov dle principů trvale udržitelné výstavby
|
| 250 |
|
|
|a 1. vyd.
|
| 260 |
|
|
|a Brno :
|b Národní stavební centrum,
|c 2012
|
| 300 |
|
|
|a 89 s. :
|b barev. il. ;
|c 30 cm
|
| 500 |
|
|
|a 25 výt.
|
| 504 |
|
|
|a Obsahuje bibliografii
|
| 650 |
0 |
7 |
|a udržitelná výstavba
|7 ph693671
|2 czenas
|
| 650 |
0 |
7 |
|a ekologické stavby
|7 ph742757
|2 czenas
|
| 650 |
0 |
9 |
|a sustainable construction
|2 eczenas
|
| 650 |
0 |
9 |
|a sustainable buildings
|2 eczenas
|
| 655 |
|
7 |
|a učební texty
|7 fd133599
|2 czenas
|
| 655 |
|
9 |
|a educational texts
|2 eczenas
|
| 700 |
1 |
|
|a Boráková, Helena,
|d 1959-
|7 mzk2013742654
|4 aut
|
| 910 |
2 |
|
|a BOA001
|b 4-1298.442
|
| 990 |
|
|
|a BK
|
| 995 |
|
|
|a 01
|
| 991 |
|
|
|b 201301
|c NOV
|e n
|
| 996 |
6 |
|
|b 2610534950
|c 4-1298.442
|l MZK
|r Sklad / do 1 hodiny
|n 1
|p p.v.
|w 001308715
|u 000010
|a 1
|e BOA001
|j MZK50
|s P
|
| 996 |
7 |
|
|b 2610534951
|c 4-1298.442
|l MZK
|r Sklad / do 1 hodiny
|n 6
|p p.v.
|w 001308715
|u 000020
|a 1
|e BOA001
|j MZK50
|s A
|